Linear motion electric machines (Record no. 30598)

MARC details
000 -LEADER
fixed length control field 00336nam a2200133Ia 4500
082 ## - DEWEY DECIMAL CLASSIFICATION NUMBER
Classification number 621.313.13
Item number NAS
100 ## - MAIN ENTRY--AUTHOR NAME
Personal name Boldea, I
245 #0 - TITLE STATEMENT
Title Linear motion electric machines
260 ## - PUBLICATION, DISTRIBUTION, ETC. (IMPRINT)
Place of publication New York
Name of publisher John Wiley
Year of publication 1976
650 ## - SUBJECT ADDED ENTRY--TOPICAL TERM
Topical Term Electric motors
700 ## - ADDED ENTRY--PERSONAL NAME
Personal name Nasar, S A
942 ## - ADDED ENTRY ELEMENTS (KOHA)
Koha item type Books
Holdings
Withdrawn status Lost status Damaged status Not for loan Home library Current library Date acquired Cost, normal purchase price Full call number Accession Number Koha item type
        RRII Library RRII Library 16/12/2021 20.00 621.313.13 NAS 11169 Books